| 000 | 01446nam a2200265Ia 4500 | ||
|---|---|---|---|
| 999 |
_c38569 _d38569 |
||
| 001 | 4686 | ||
| 003 | GE_BSU | ||
| 005 | 20190719155047.0 | ||
| 008 | 181216s2010||||ge |||||||||||||| ||geo|| | ||
| 020 | _a9994005030 | ||
| 040 | _cGE_BSU | ||
| 041 | _ageo | ||
| 080 | _a616.1/.9 + 616-091 + 576.385 + 616 ბ–97 | ||
| 100 |
_aბურკაძე, გიორგი _93253 |
||
| 245 |
_aზოგადი პათოლოგიის საფუძვლები : _bჰისტოპათოლოგია, ციტოპათოლოგია, მოლეკულური პათოლოგია / _cგიორგი ბურკაძე, გ. ტურაშვილი ; რედ. ზაზა ავალიანი, მეორე გამოც.–ის რედ. რამაზ ჩიხლაძე |
||
| 264 |
_aთბილისი : _bზეკარი ; _c2010. |
||
| 300 |
_a375 გვ. : _bილ. ; _c28 სმ. |
||
| 541 | _h33 ლ. | ||
| 653 | _aზოგადი პათოლოგიის საფუძვლები | ||
| 653 | _aმედიცინა | ||
| 700 |
_aტურაშვილი, გ. _eავტორი _93254 |
||
| 700 |
_a ავალიანი, ზაზა _eრედაქტორი _93255 |
||
| 700 |
_aჩიხლაძე, რამაზ _eმეორე გამოც-მის რედაქტორი _93256 |
||
| 942 |
_cBK _2udc |
||